000 00802 a2200241 4500
005 20251028161050.0
008 251028b |||||||| |||| 00| 0 eng d
020 _a9798886130041 (pbk)
037 _cTB
040 _aCRL
_cCRL
041 _2eng
_aeng
084 _aW6.44Q71 R4
_qCRL
100 _aKalam, Abul
_9822224
245 _aDiplomacy and the independence of Bangladesh:
_bportrayal of mujib's statesmanship
260 _aLondon, UK:
_bWorld Scientific,
_c2024.
300 _axx, 301p.
365 _b1595.00
_cINR
650 _aPolitical Science
_9849726
650 _aDemocracy
_9849727
650 _aBangladesh
_9849728
942 _cTB
_2CC
_n0
_hW6.44Q71 R4
999 _c1436001
_d1436001